000 00455cam a22001217a 4500
008 180718b1974 xxu||||| |||| 00| 0 eng d
082 _aB7301mx5444 K147
245 _aKarnataka municipalities act, 1964
_cby Department Of Law And Parliamentary Affairs
260 _aBangalore
_bGovernment Press
_c1974
300 _a339p
650 _aMunicipal government - India - Karnataka - Legislation.
700 _aKarnataka. Department Of Law And Parliamentary Affairs
999 _c415433
_d415433